Catholica Congress Charithram (Record no. 137675)

MARC details
000 -LEADER
fixed length control field 00541nam a22002057a 4500
003 - CONTROL NUMBER IDENTIFIER
control field OSt
005 - DATE AND TIME OF LATEST TRANSACTION
control field 20260109151548.0
008 - FIXED-LENGTH DATA ELEMENTS--GENERAL INFORMATION
fixed length control field 260109b |||||||| |||| 00| 0 eng d
040 ## - CATALOGING SOURCE
Transcribing agency SBCL
082 ## - DEWEY DECIMAL CLASSIFICATION NUMBER
Classification number 282.09
Item number KAC-C
100 ## - MAIN ENTRY--PERSONAL NAME
Personal name Kachiramattam,John
245 ## - TITLE STATEMENT
Title Catholica Congress Charithram
Remainder of title Onnam Bhagam
250 ## - EDITION STATEMENT
Edition statement 1st ed.
260 ## - PUBLICATION, DISTRIBUTION, ETC.
Place of publication, distribution, etc. Kottayam
Name of publisher, distributor, etc. Dr.Kachiramattam Foundation
Date of publication, distribution, etc. 2019
300 ## - PHYSICAL DESCRIPTION
Extent 1000 p.
630 ## - SUBJECT ADDED ENTRY--UNIFORM TITLE
General subdivision Religion
650 ## - SUBJECT ADDED ENTRY--TOPICAL TERM
Topical term or geographic name entry element Christian denominations & sects
650 ## - SUBJECT ADDED ENTRY--TOPICAL TERM
Topical term or geographic name entry element Roman Catholic Church
942 ## - ADDED ENTRY ELEMENTS (KOHA)
Koha item type BOOK
Holdings
Withdrawn status Lost status Source of classification or shelving scheme Damaged status Use restrictions Not for loan Home library Current library Date acquired Total Checkouts Full call number Barcode Shelving location Date last seen Cost, replacement price Price effective from Koha item type
    Dewey Decimal Classification   RESTRICTED   SB LIBRARY SB LIBRARY 09/01/2026   282.09 KAC-C CC0205 CATHOLIC COLLECTION 09/01/2026 1200.00 09/01/2026 BOOK

Powered by Koha